000 00323nam a22001337a 4500
008 181016b xxu||||| |||| 00| 0 eng d
020 _a9780781738057
041 _aeng
080 _a610
100 _a3
101 _aSHM
245 _aAlgorithmic Diagnosis Of Symptoms And Signs
_cCollins .R.D
942 _2udc
_cBK
999 _c49882
_d49882